Statistiques concernant Joueurs nommés au Ballons d'or 2023

Cliquez ici pour prendre le quiz!

Statistiques générales

  • Ce quiz a été pris 276 fois
  • Le résultat moyen est 21 sur 30

Statistiques - réponses

NationalitéJoueur% Correct
FranceKylian Mbappé
100%
ArgentineLionel Messi
98%
CroatieLuka Modric
95%
NorvègeErling Haaland
94%
ÉgypteMohamed Salah
94%
FranceAntoine Griezmann
93%
PologneRobert Lewandowski
91%
BelgiqueKévin de Bruyne
88%
AngleterreHarry Kane
85%
ArgentineEmiliano Martinez
81%
FranceKarim Benzema
81%
ArgentineLautaro Martinez
81%
NorvègeMartin Ødegaard
71%
MarocYassin Bounou
71%
PortugalBernardo Silva
69%
FranceRandal Kolo Muani
67%
BrésilVinicius Jr.
66%
NigériaVictor Osimhen
65%
AngleterreJude Bellingham
63%
ArgentineJulian Alvarez
62%
AllemagneJamal Musiala
53%
PortugalRuben Dias
53%
EspagneRodri
51%
CroatieJosko Gvardiol
49%
AngleterreBukayo Saka
47%
CamerounAndré Onana
42%
AllemagneIlkay Gündogan
42%
GéorgieKhvicha Kvaratskhelia
38%
Corée du sudKim Min-Jae
34%
ItalieNicolo Barella
32%

Distribution des résultats

Percentile par nombre de réponses

% des personnes avec chaque résultat

Votre développement - résultats

Vous n’avez pas pris ce quiz